000 00487nam a22001577a 4500
008 250410b |||||||| |||| 00| 0 eng d
040 _aDE-2950
_cDE-2950
041 _ager
100 _aTischendorf, Dieter
_d1940-
245 _aVom Unglück brav zu sein - Ein mißglückter Urlaub /
_cDieter Tischendorf
250 _a1. Aufl.
260 _aLebus:
_bditido,
_c2000
300 _a236 Seiten
653 _aTischendorf, Dieter; Arzt, Gynäkologe, Schriftsteller, 1940-
942 _2z
_cB
999 _c373687
_d373687